Повелително наклонение (Запис номер 489654)
[ съкратено ]
| 000 -Лидер | |
|---|---|
| Контролно поле с фиксирана дължина | 01358nam a2200289 a 4500 |
| 003 - Код на организацията, давaща контролен номер | |
| Контролно поле | BLK |
| 005 - Дата и час на последна редакция | |
| Контролно поле | 20240303003957.0 |
| 008 - Елементи от данни с фиксирана дължина | |
| fixed length control field | 180411b bul|||||r ||||||| ||bul|| |
| 020 ## - Международен стандартен номер на книга ISBN | |
| Международен стандартен номер на книга ISBN | 9789547401471 |
| 040 ## - Източник на каталожния запис | |
| Идентификатор на билиотеката - собственик на записа | BLK |
| 041 ## - Код за език | |
| Код за езика на текст/звукозапис или на отделно заглавие | Български |
| Код за езика КДБФ | Български |
| 080 ## - УДК | |
| Текстов определител УДК | Българска литература |
| УДК код - определител по УДК | 821.163.2 |
| УДК определител | -1 |
| УДК - код + определител | 821.163.2-1 |
| 100 ## - Редна дума - Автор | |
| Автор | Ганчев, Марко |
| Автор - информация (биография) | Писател и поет, сатирик, преводач от немски и белоруски |
| Дати, свързани с автора | 1932- |
| Пълна форма на името | Маринов, Марко Ганчев |
| Авторска отговорност | първи автор |
| R(LIN) | 267403 |
| 139 ## - Редно поле | |
| Редна дума | Ганчев, Марко |
| Авторски знак | Ганч - Г 22 |
| 245 10 - Сведения за заглавието | |
| Заглавие | Повелително наклонение |
| Подзаглавни данни | Книга на властта (1952-2022) |
| Редно поле (дума) | Марко Ганчев. |
| 257 ## - Страна на издаване | |
| Страна на създаване/издаване | България |
| 260 ## - Област на издателските данни | |
| Място на издаване, разпространение и проч. | София |
| Име на издателя, разпространителя и проч. | Лит. форум |
| Година на издаване | 2023 |
| Печатница | София : Симолини |
| 9 (RLIN) | 209534 |
| Издателство - префикс ISBN | 978-954-740- ; 954-8121- |
| 300 ## - Физическа характеристика | |
| Страници | 185 с. |
| Размери/Мащаб | 20 см |
| 380 ## - Жанр | |
| Жанр | Худож. лит. |
| 490 ## - СЕРИИ (Колекции) | |
| Име на серия | Библиотека Българска сбирка |
| 9 (RLIN) | 201763 |
| 500 ## - Общи забележки | |
| Забележка | Пълното име на авт. е Марко Ганчев Маринов. - Биогр. данни за авт. отбелязани на гърба на кор. |
| 700 1# - Други автори (авторска отговорност) | |
| Лично име | Маринов, Марко Ганчев |
| 9 (RLIN) | 373605 |
| 852 ## - Местоположение | |
| Форматна сигнатура | Цб 316837 |
| Фондова буква | Хранилище |
| 856 ## - Електронен адрес и достъп | |
| Инструкция (цена за достъп) | 0.00 |
| Права за достъп | disable |
| 999 ## - СИСТЕМНИ КОНТРОЛНИ НОМЕРА | |
| Koha biblionumber | 489654 |
| Koha biblioitemnumber | 489654 |
| 942 ## - АРТИКУЛИ | |
| Вид на библиотечния материал | Книги |
| Скрит в OPAC | Не |
| Периодичен библиозапис | Да |
| 944 ## - СЪЗДАВАНЕ И РЕДАКЦИЯ на ЗАПИСА | |
| Създаване/Редакция | Създаване |
| Дата на регистрацията/редакция | 2023-03-22 |
| Служител, извършил регистрацията/редакцията | |
| Статус, дата на статуса | CRON CRON |
| Код за отписване | Код за изгубен артикул | Източник на класификационната схема | Код за повреда | Коз за рестрикции | Код за отдаване | Артикулен № | Име на библиотеката - собственик | Име на библиотеката, в която се намира в момента | Статус (Текущо местоположение) | Дата на вписване в системата | Местоположение - отдел | Цена в лева | Инвентарен номер | Систематично азбучна сигнатура | Баркод | Цена в евро | Служебен тип на артикула |
|---|---|---|---|---|---|---|---|---|---|---|---|---|---|---|---|---|---|
| Не е изгубен | Universal Decimal Classification | Не е повреден | само за читалня | ползва се в читалня | 924912 | Регионална библиотека "Любен Каравелов" Русе | Регионална библиотека "Любен Каравелов" Русе | Хранилище | 2023-03-24 | Хранилище | 11.00 | 120000884088 | Цб 316837 | 120000884088 | 5.62 | Книги |